000 01974cam a22003018i 4500
942 _cBK
999 _c738
_d738
001 21594736
003 OSt
005 20250420134823.0
008 200629s2020 flu b 001 0 eng
010 _a 2020028364
020 _a9780367625320
_q(paperback)
040 _aDLC
_beng
_erda
_cKCST
050 0 0 _aQC173.6
_b.F45 2020
082 0 0 _a530.11
_223
_bFe Ge
100 1 _aFerrari, Valeria,
_d1952-
_eauthor.
_95489
245 1 0 _aGeneral relativity :
_bthe physical theory of gravity with applications to compact objects and gravitational-wave sources /
_cValeria Ferrari, Leonardo Gualtieri, Paolo Pani.
260 _aBoca Raton:
_bCRc Press;
_c2021.
300 _apages cm
504 _aIncludes bibliographical references and index.
520 _a"Containing the latest, groundbreaking discoveries in the field, this text outlines the basics of Einstein's theory of gravity with a focus on its most important astrophysical consequences, including stellar structures, black holes and the physics of gravitational waves. Blending advanced topics - usually not found in introductory textbooks - with examples, pedagogical boxes, mathematical tools and practical applications of the theory, this textbook maximises learning opportunities and is ideal for master and graduate students in Physics and Astronomy. Key features: Provides a self-contained and consistent treatment of the subject that does not require advanced previous knowledge of the field. Explores the subject with a new focus on gravitational waves and astrophysical relativity, unlike current introductory textbooks. Fully up-to-date, containing the latest developments and discoveries in the field"--
_cProvided by publisher.
650 0 _aGeneral relativity (Physics)
_95490
650 0 _aGravitation.
_91743
650 0 _aGravitational waves.
_95491
700 1 _aGualtieri, Leonardo,
_d1971-
_eauthor.
_95492
700 1 _aPani, Paolo
_c(Astrophysicist),
_eauthor.
_95493
942 _2ddc